00437nam a2200121Ia 4500008004100000041001200041082001900053100006000072245011200132260002700244300001400271650003000285231217s9999 xx 000 0 und d aEnglish a658.3 ROT `R' aRothwell, William J Prescott, Robert K Taylor, Maria W 0aStrategic human resource leader: How to prepare your organization for the six key trends shaping the future c1999bMumbai : Jaico,  axxvii+348 aHuman resource management